|
|
|
|
| LEADER |
01686nam a2200349 a 4500 |
| 001 |
000680637 |
| 003 |
CZ BrMZK |
| 005 |
20230906133304.0 |
| 007 |
ta |
| 008 |
030805s1955 xr f 000 0 cze d |
| 015 |
|
|
|a cnb000719251
|
| 035 |
|
|
|a (OCoLC)85444660
|
| 040 |
|
|
|a BOA001
|b cze
|c BOA001
|
| 100 |
1 |
|
|a Drtina, Jaroslav,
|d 1908-1967
|7 jk01023128
|4 aut
|
| 245 |
1 |
0 |
|a Úloha knihoven v kulturní revoluci ;
|b 10. sjezd KSČ a úkoly vědeckých knihoven v dalším rozvoji čs. knihovnictví /
|c Jaroslav Drtina, Miloň Konvalinka, Juraj Paška
|
| 250 |
|
|
|a 1. vyd.
|
| 260 |
|
|
|a Praha :
|b Státní pedagogické nakladatelství,
|c 1955
|
| 300 |
|
|
|a 74 s.
|
| 490 |
1 |
|
|a Edice Národní knihovny v Praze ;
|v sv. 4
|
| 504 |
|
|
|a Bibliografie na s. 74
|
| 700 |
1 |
|
|a Konvalinka, Miloň,
|d 1922-2003
|7 jk01061591
|4 aut
|
| 700 |
1 |
|
|a Paška, Juraj,
|d 1915-2010
|7 xx0104599
|4 aut
|
| 740 |
0 |
2 |
|a 10. sjezd KSČ a úkoly vědeckých knihoven v dalším rozvoji čs. knihovnictví
|
| 830 |
|
0 |
|a Edice Národní knihovny v Praze
|0 s
|
| 856 |
4 |
1 |
|u http://www.digitalniknihovna.cz/mzk/uuid/uuid:dee15060-b306-11e2-b6da-005056827e52
|y Digitalizovaný dokument
|x NDK
|
| 910 |
|
|
|a BOA001
|b PK-0025.593
|b 2-0343.895
|
| 964 |
|
|
|a Knihovny vědecké - úkoly - sborníky
|
| 990 |
|
|
|a BK
|
| 996 |
7 |
|
|b 2618982718
|c 2-0343.895
|l MZK
|r Sklad / do 24 hodin
|n 0
|w 000680637
|u 000040
|a 1
|e BOA001
|j MZK50
|s A
|
| 996 |
7 |
|
|b 2618982719
|c 2-0343.895
|l MZK
|r Sklad / do 24 hodin
|n 0
|w 000680637
|u 000030
|a 1
|e BOA001
|j MZK50
|s A
|
| 996 |
6 |
|
|b 2618982720
|c 2-0343.895
|l MZK
|r Sklad / do 24 hodin
|n 0
|w 000680637
|u 000020
|a 1
|e BOA001
|j MZK50
|s P
|
| 996 |
6 |
|
|b BC-102259
|c PK-0025.593
|l MZK
|r Sklad / do 1 hodiny
|n 0
|w 000680637
|u 000010
|a 1
|e BOA001
|j MZK50
|s P
|